000 00749nam a2200241 ar4500
001 4267
005 20221127090909.0
006 a a 000 0
008 150616s su a 00010 eng d
090 _aSP-I
100 1 _aAl Hazmi, Hanan.
245 1 0 _aIslamic and conventional banking-senior project /
_cby Hanan Al Hazmi, Hayat Al Saheal, Nouf Bamofleh.
260 _c2015.
300 _a60 leaves :
_bcolor illustrations ;
_c30 cm.
500 _aSupervisor: Ms. Nada El Ali.
504 _aIncludes bibl. references.
526 0 _aStudent project.
563 _aHard bound.
650 4 _aBanks and banking
_zIslamic countries.
650 4 _aFinance
_zIslamic countries.
700 0 _aAl Saheal, Hayat.
700 0 _aBamofleh, Nouf.
999 _c4265
_d4265